| 000 | 00553nam a2200181Ia 4500 | ||
|---|---|---|---|
| 008 | 240729s9999 xx 000 0 und d | ||
| 022 | _a2222-1875 | ||
| 245 | 0 | _aPublic and Municipal Finance | |
| 260 | _aUkraine | ||
| 260 | _bLLC "CPC "Business Perspectives" | ||
| 650 | _a Comparative law. International uniform law | ||
| 650 | _a Law in general. Comparative and uniform law. Jurisprudence | ||
| 650 | _a Public finance | ||
| 650 | _aLaw | ||
| 856 | _uhttps://doaj.org/toc/6f70897f44f649d6b45e72ba5689077a | ||
| 942 | _2ddc | ||
| 942 | _cDOAJEJ | ||
| 999 |
_c68456 _d68456 |
||
| 945 |
_a1 _bMadushi Gamage _c1 _dMadushi Gamage |
||